[Event "AUTO-OPEN-1922"]
[Site "http://www.queenalice.com/game.php?id=750164"]
[Date "2010.3.22"]
[Round "1"]
[White "Markinhogatinho"]
[Black "regivaldopetro"]
[Result "1-0"]
[WhiteElo "1414"]
[BlackElo "1252"]

1. e4 c5 2. Nf3 d6 3. d4 cxd4 4. Nxd4 Nf6 5. Nc3 g6 6. Bg5 Bg7 7. Bd3 O-O 8. O-O
Nc6 9. Nf3 Bg4 10. Be2 Qb6 11. Rb1 Bxf3 12. Bxf3 Rfd8 13. Bxf6 Bxf6 14. Nd5 Qa5
15. Nxf6+ Kg7 16. Nd5 Qxa2 17. b3 e6 18. Nc7 Rac8 19. Nb5 a6 20. Nc3 Qa5 21. b4
Nxb4 22. Qd4+ e5 23. Qxb4 Qxb4 24. Rxb4 Rxc3 25. Rxb7 Rxc2 26. Bd1 Rc4 27. Bb3
1-0

[Event "AUTO-OPEN-1922"]
[Site "http://www.queenalice.com/game.php?id=750165"]
[Date "2010.3.22"]
[Round "1"]
[White "regivaldopetro"]
[Black "Markinhogatinho"]
[Result "0-1"]
[WhiteElo "1317"]
[BlackElo "1470"]

1. e4 e5 2. Nf3 Nc6 3. d4 Nf6 4. d5 Ne7 5. Nc3 d6 6. Bg5 c6 7. Bxf6 gxf6 8. Qd2
Bg7 9. Be2 c5 10. Bb5+ Bd7 11. O-O-O O-O 12. Bxd7 Qxd7 13. Kb1 b5 14. a3 a5 15.
Nh4 b4 16. axb4 axb4 17. Ne2 Qa4 18. c3 b3 0-1

[Event "AUTO-OPEN-1922"]
[Site "http://www.queenalice.com/game.php?id=750210"]
[Date "2010.3.22"]
[Round "1"]
[White "vicoxd"]
[Black "regivaldopetro"]
[Result "0-1"]
[WhiteElo "1374"]
[BlackElo "1156"]

1. d4 Nf6 2. Nf3 e6 3. Bf4 Nc6 4. e3 b6 5. Be2 Bb7 6. O-O Be7 7. Nc3 d5 8. a3
Qd7 9. Ne5 Nxe5 10. Bxe5 Bd6 11. Bxf6 gxf6 12. Bd3 O-O-O 13. Qe2 e5 14. Ba6 exd4
0-1

[Event "AUTO-OPEN-1922"]
[Site "http://www.queenalice.com/game.php?id=750211"]
[Date "2010.3.22"]
[Round "1"]
[White "regivaldopetro"]
[Black "vicoxd"]
[Result "1-0"]
[WhiteElo "1217"]
[BlackElo "1374"]

1. e4 e5 2. Nf3 Nc6 3. d4 exd4 4. Nxd4 Bc5 5. Nxc6 bxc6 6. Bc4 d6 7. e5 Be6 8.
Qe2 Ne7 9. exd6 Bxc4 10. dxe7 Bxe2 11. exd8=Q+ Rxd8 12. Kxe2 O-O 13. Re1 Rfe8+
14. Kf1 1-0

[Event "AUTO-BEG-386"]
[Site "http://www.queenalice.com/game.php?id=750308"]
[Date "2010.3.23"]
[Round "1"]
[White "felippy10"]
[Black "regivaldopetro"]
[Result "1-0"]
[WhiteElo "1383"]
[BlackElo "1252"]

1. e4 c5 2. Nf3 g6 3. d4 cxd4 4. Nxd4 Bg7 5. Be3 Nc6 6. Nc3 Nf6 7. f3 O-O 8. Qd2
d6 9. O-O-O Bd7 10. g4 Rc8 11. h4 h5 12. gxh5 Nxh5 13. Nxc6 bxc6 14. Bh6 d5 15.
Bxg7 Kxg7 16. exd5 cxd5 17. Qxd5 Bf5 18. Qe5+ f6 19. Rxd8 Rfxd8 20. Qxe7+ Kh6
21. Bg2 Nf4 22. Qe3 g5 23. hxg5+ Kxg5 24. Rg1 Rxc3 25. Qxc3 Ne2+ 26. Kb1 Nxc3+
27. bxc3 Rd2 28. Bh3+ Kf4 29. Bxf5 Kxf5 30. Rg7 a5 31. Rh7 Rf2 32. Rh5+ Kf4 33.
Rxa5 Kxf3 34. a4 Ke3 35. Ra8 f5 36. a5 Rf1+ 37. Kb2 f4 38. a6 f3 39. a7 f2 40.
Re8+ Kd2 41. a8=Q Rb1+ 42. Kxb1 f1=Q+ 43. Kb2 Qc1+ 44. Kb3 1-0

[Event "AUTO-BEG-386"]
[Site "http://www.queenalice.com/game.php?id=750309"]
[Date "2010.3.23"]
[Round "1"]
[White "regivaldopetro"]
[Black "felippy10"]
[Result "0-1"]
[WhiteElo "1325"]
[BlackElo "1440"]

1. e4 c5 2. Nf3 d6 3. d4 cxd4 4. Nxd4 Nf6 5. Nc3 g6 6. Be3 Bg7 7. Bb5+ Bd7 8.
Bxd7+ Nbxd7 9. f3 O-O 10. Qd2 Ne5 11. O-O-O Nc4 12. Qd3 Nxe3 13. Qxe3 Qb6 14. g4
Rac8 15. h4 e5 16. Na4 Qc7 17. Rd2 exd4 18. Qf4 d3 19. c3 d5 20. Qxc7 Rxc7 21.
b3 b5 22. e5 bxa4 23. exf6 Rxc3+ 24. Kd1 Bxf6 25. g5 Bg7 26. bxa4 Rfc8 27. Rxd3
Rxd3+ 28. Ke2 Ra3 0-1

[Event "AUTO-BEG-386"]
[Site "http://www.queenalice.com/game.php?id=750320"]
[Date "2010.3.23"]
[Round "1"]
[White "regivaldopetro"]
[Black "geniolucio"]
[Result "1-0"]
[WhiteElo "1268"]
[BlackElo "1280"]

1. e4 c5 2. Nf3 Nc6 3. d4 cxd4 4. Nxd4 Nf6 5. Nc3 e5 6. Nf5 Bb4 7. Nxg7+ Kf8 8.
Bh6 Ke7 9. Nf5+ Ke6 10. Bc4+ d5 11. Bxd5+ Nxd5 12. exd5+ Kxf5 13. Qh5+ Kf6 14.
Qg5# 1-0

[Event "AUTO-BEG-386"]
[Site "http://www.queenalice.com/game.php?id=750321"]
[Date "2010.3.23"]
[Round "1"]
[White "geniolucio"]
[Black "regivaldopetro"]
[Result "0-1"]
[WhiteElo "1504"]
[BlackElo "1307"]

1. e4 c5 2. Nf3 d6 3. d4 cxd4 4. Nxd4 Nf6 5. Nc3 Nc6 6. Bb5 Bd7 7. Nxc6 Bxc6 8.
Bxc6+ bxc6 9. O-O g6 10. Bf4 Bg7 11. Qf3 O-O 12. Qe3 e5 13. Bh6 Ng4 14. Qh3 Nxh6
15. Rad1 Rb8 16. b3 f5 17. exf5 Rxf5 18. Ne4 d5 19. Nc5 Qd6 20. Na6 Rb6 21. Qd3
Ng4 22. g3 e4 23. Qe2 Ne5 24. c3 Nf3+ 25. Kg2 Bxc3 26. Rc1 Bd2 27. Rcd1 Rh5 28.
h4 Rxh4 29. Rh1 Rxh1 30. Rxh1 Qa3 31. Nc7 Qxa2 32. Qd3 exd3 33. Kxf3 Rxb3 34.
Ne6 Be1 35. Rxe1 d2+ 36. Re3 d1=Q+ 0-1

[Event "AUTO-OPEN-1923"]
[Site "http://www.queenalice.com/game.php?id=750567"]
[Date "2010.3.23"]
[Round "1"]
[White "portinari"]
[Black "regivaldopetro"]
[Result "1-0"]
[WhiteElo "1295"]
[BlackElo "1340"]

1. e4 c5 2. Nf3 Nc6 3. d4 cxd4 4. Nxd4 Nf6 5. Nc3 g6 6. Be3 Bg7 7. Bc4 O-O 8.
Bb3 d6 9. f3 Bd7 10. Qd2 Rc8 11. O-O-O Ne5 12. Kb1 Nc4 13. Bxc4 Rxc4 14. g4 Qa5
15. Nb3 Qc7 16. g5 Nh5 17. Nd5 Qd8 18. Bxa7 e6 19. Bb6 Qa8 20. Ne7+ Kh8 21. Na5
Re8 22. Nxc4 Rxe7 23. Qxd6 Qe8 24. Bc5 Bc6 25. Qxe7 Qb8 26. Rd8+ 1-0

[Event "AUTO-OPEN-1923"]
[Site "http://www.queenalice.com/game.php?id=750568"]
[Date "2010.3.23"]
[Round "1"]
[White "regivaldopetro"]
[Black "portinari"]
[Result "0-1"]
[WhiteElo "1315"]
[BlackElo "1488"]

1. e4 e5 2. Nf3 Nc6 3. d4 exd4 4. Nxd4 Nf6 5. Nc3 Bb4 6. Bd2 Nxd4 7. Bd3 d6 8.
O-O Be6 9. Nd5 Bxd2 10. Nxf6+ Qxf6 11. Qxd2 O-O 12. Rfe1 Nc6 13. Bb5 Qxb2 14.
Rab1 Qxa2 15. Bxc6 bxc6 16. e5 dxe5 17. Rb7 Rfb8 18. Rxc7 Rb1 19. h3 a5 20. Rxc6
Qd5 21. Qxd5 Rxe1+ 22. Kh2 Bxd5 23. Rc7 a4 24. c4 a3 25. cxd5 a2 26. d6 a1=Q 27.
d7 Rh1+ 28. Kg3 Ra3+ 29. Kg4 Qd4+ 30. Kh5 g6+ 0-1

[Event "AUTO-OPEN-1923"]
[Site "http://www.queenalice.com/game.php?id=750591"]
[Date "2010.3.23"]
[Round "1"]
[White "Luis_Gabriel"]
[Black "regivaldopetro"]
[Result "1-0"]
[WhiteElo "1303"]
[BlackElo "1294"]

1. e4 c5 2. Bc4 d6 3. Nc3 Nf6 4. d3 Nc6 5. h3 g6 6. Nf3 Bg7 7. O-O O-O 8. Ng5
Ne5 9. b3 Bd7 10. Bf4 a6 11. Bxe5 b5 12. Bxf6 Bxf6 13. Bxf7+ Rxf7 14. Nxf7 Kxf7
15. Qf3 Kg7 16. d4 Bxd4 17. Rad1 Qa5 18. Rd3 e5 19. Re1 Rf8 20. Qd1 Bxf2+ 21.
Kh2 Bxe1 22. Qxe1 b4 23. Rxd6 Rd8 24. Nd5 Qxa2 25. Qh4 Qa5 26. Qe7+ Kh6 27. Rxd7
Rxd7 28. Qxd7 Qa2 29. Ne3 a5 30. h4 Qb1 31. g4 Qe1 32. g5+ 1-0

[Event "AUTO-OPEN-1923"]
[Site "http://www.queenalice.com/game.php?id=750592"]
[Date "2010.3.23"]
[Round "1"]
[White "regivaldopetro"]
[Black "Luis_Gabriel"]
[Result "0-1"]
[WhiteElo "1278"]
[BlackElo "1408"]

1. e4 e5 2. Nf3 Nc6 3. Bb5 Bc5 4. Bxc6 dxc6 5. O-O Qf6 6. h3 Ne7 7. c3 Ng6 8. d4
exd4 9. Bg5 Qe6 10. cxd4 Bb6 11. d5 cxd5 12. exd5 Qd6 13. Re1+ Kf8 14. Nh4 f6
15. Nxg6+ hxg6 16. Qa4 Bd7 17. Qf4 Kf7 18. Qxd6 cxd6 19. Be3 Rae8 20. Nc3 f5 21.
Bxb6 axb6 22. Ne2 g5 23. Rac1 Rc8 24. Rxc8 Rxc8 25. Rc1 Rxc1+ 26. Nxc1 Kf6 27.
Nd3 Bb5 28. Nb4 Ke5 29. a3 Kd4 30. g4 fxg4 31. Kg2 Be2 32. hxg4 Bxg4 33. Nc2+
Kd3 0-1

[Event "AUTO-OPEN-1923"]
[Site "http://www.queenalice.com/game.php?id=750607"]
[Date "2010.3.23"]
[Round "1"]
[White "regivaldopetro"]
[Black "ppeteleco"]
[Result "0-1"]
[WhiteElo "1307"]
[BlackElo "2292"]

1. e4 e6 2. d4 d5 3. e5 c5 4. c3 Ne7 5. Nf3 Nec6 6. Bd3 Be7 7. Be3 cxd4 8. cxd4
Qb6 9. Qc2 Bd7 10. Nc3 Nb4 11. Qd2 Nxd3+ 12. Qxd3 Qa6 13. Qxa6 Nxa6 14. O-O O-O
15. Rac1 Rac8 16. h3 Rc4 17. b3 Rcc8 18. Bg5 Ba3 19. Rc2 Nb4 20. Be7 Nxc2 21.
Bxf8 Kxf8 22. Ng5 Rxc3 23. Nxh7+ Kg8 24. Ng5 Nxd4 25. h4 Rc2 26. g4 Rxa2 27. h5
Be7 28. Nxf7 Kxf7 0-1

[Event "AUTO-OPEN-1923"]
[Site "http://www.queenalice.com/game.php?id=750608"]
[Date "2010.3.23"]
[Round "1"]
[White "ppeteleco"]
[Black "regivaldopetro"]
[Result "1-0"]
[WhiteElo "2252"]
[BlackElo "1302"]

1. e4 c5 2. Nf3 d6 3. Bc4 Nf6 4. Nc3 Nc6 5. O-O Bg4 6. h3 Bh5 7. d3 e5 8. Bg5
Nd4 9. g4 h6 10. Bxf6 Qxf6 11. Nxd4 Qg5 12. Nf3 Qg6 13. Nh4 Qg5 14. Ng2 Bg6 15.
h4 Qf6 16. Nd5 Qd8 17. Bb5+ Qd7 18. Bxd7+ 1-0

[Event "AUTO-OPEN-1958"]
[Site "http://www.queenalice.com/game.php?id=766705"]
[Date "2010.4.26"]
[Round "1"]
[White "felippy10"]
[Black "regivaldopetro"]
[Result "1-0"]
[WhiteElo "1527"]
[BlackElo "1267"]

1. e4 c5 2. Nf3 d6 3. d4 cxd4 4. Nxd4 Nf6 5. Nc3 Nc6 6. Bb5 Bd7 7. Be3 g6 8. f3
Bg7 9. Qd2 O-O 10. O-O-O a6 11. Bc4 1-0

[Event "AUTO-OPEN-1958"]
[Site "http://www.queenalice.com/game.php?id=766706"]
[Date "2010.4.26"]
[Round "1"]
[White "regivaldopetro"]
[Black "felippy10"]
[Result "0-1"]
[WhiteElo "1261"]
[BlackElo "1533"]

1. e4 c5 2. Nf3 d6 3. d4 cxd4 4. Qxd4 Nc6 5. Qd3 Bg4 6. Nc3 Bxf3 7. Qxf3 Nd4 8.
Qd3 Nc6 9. Be3 Nf6 10. Be2 Ne5 0-1

[Event "AUTO-OPEN-1958"]
[Site "http://www.queenalice.com/game.php?id=766729"]
[Date "2010.4.26"]
[Round "1"]
[White "regivaldopetro"]
[Black "GMNeny"]
[Result "0-1"]
[WhiteElo "1254"]
[BlackElo "1944"]

1. e4 c5 2. Nf3 d6 3. d4 cxd4 4. Qxd4 a6 5. Qd5 Nf6 6. Qd4 Nc6 7. Qd1 Bd7 8. Bd3
e5 9. Bg5 Be7 10. Nc3 O-O 11. Nd5 h6 12. Nxf6+ Bxf6 13. Bxf6 Qxf6 0-1

[Event "AUTO-OPEN-1958"]
[Site "http://www.queenalice.com/game.php?id=766730"]
[Date "2010.4.26"]
[Round "1"]
[White "GMNeny"]
[Black "regivaldopetro"]
[Result "1-0"]
[WhiteElo "1942"]
[BlackElo "1256"]

1. e4 c5 2. Nf3 d6 3. d4 cxd4 4. Nxd4 Nf6 5. Nc3 g6 6. Be2 Bg7 7. O-O O-O 8. Be3
Nc6 9. f4 a6 10. g4 Bd7 11. f5 Nxd4 12. Bxd4 e5 13. fxe6 Bxe6 14. h3 1-0